I Can Guess Your US State (Remake) - Statistics

General Stats
  • This quiz has been taken 1,925 times
  • The average score is 10 of 50
Answer Stats
Question Your state is... % Correct
Is the second letter of your name E, D, I, or L? Arkansas
35%
New Hampshire
34%
Does your capital have 7, 8, or 9 letters in its name? Arizona
32%
Does your capital start with A, C, M, O, P, S, or T? California
29%
Is the first letter of your name C, D, F, M, N, O, U, or V? Colorado
23%
Georgia
23%
New York
23%
New Jersey
22%
Washington
22%
Do you directly border the ocean? Alaska
21%
Florida
21%
Indiana
21%
Texas
21%
Hawaii
20%
Louisiana
20%
Maine
20%
Oregon
20%
Rhode Island
20%
Vermont
20%
Delaware
19%
Massachusetts
19%
Minnesota
19%
Pennsylvania
19%
Utah
19%
Is the last letter of your name either A or E? Alabama
18%
Illinois
18%
Kentucky
18%
New Mexico
18%
Oklahoma
18%
Wyoming
18%
Connecticut
17%
Idaho
17%
Iowa
17%
Kansas
17%
Maryland
17%
Nebraska
17%
Nevada
17%
Michigan
16%
Mississippi
16%
Ohio
16%
Virginia
16%
Missouri
15%
Montana
15%
North Carolina
15%
North Dakota
15%
South Carolina
15%
Tennessee
15%
Wisconsin
15%
South Dakota
14%
West Virginia
14%
No matching quizzes found
Score Distribution
Percent of People with Each Score
Percentile by Number Answered
Your Score History
You have not taken this quiz